Back to Back UEFA Champions League Winners - Statistics

General Stats
  • This quiz has been taken 36 times
  • The average score is 16 of 24
Answer Stats
Hint Answer % Correct
2015/16 2016/17 2017/18 Cristiano Ronaldo
100%
2015/16 2016/17 2017/18 Karim Benzema
97%
2015/16 2016/17 2017/18 Luka Modric
91%
2015/16 2016/17 2017/18 Sergio Ramos
88%
2015/16 2016/17 2017/18 Toni Kroos
88%
2015/16 2016/17 2017/18 Dani Carvajal
84%
2015/16 2016/17 2017/18 Marcelo
84%
2015/16 2016/17 2017/18 Gareth Bale
81%
2008/092009/10 Samuel Eto'o
81%
2015/16 2016/17 2017/18 Casemiro
78%
2007/082008/09 Gerard Pique
78%
2015/162016/17 2017/18 Keylor Navas
78%
2015/16 2016/17 2017/18 Kiko Casilla
69%
2015/16 2016/17 2017/18 Raphael Varane
69%
2015/16 2016/17 2017/18 Isco
66%
2016/17 2017/18 Marco Asensio
66%
2015/16 2016/17 Pepe
66%
1992/931993/94 Marcel Desailly
50%
2015/16 2016/17 2017/18 Lucas Vazquez
47%
2015/16 2016/17 2017/18 Mateo Kovacic
44%
2015/16 2016/17 2017/18 Nacho Fernandez
44%
2015/16 2016/17 James Rodriguez
28%
2015/16 2016/17 Danilo
22%
1995/961996/97 Paulo Sousa
22%
No matching quizzes found
Score Distribution
Percent of People with Each Score
Percentile by Number Answered
Your Score History
You have not taken this quiz